SÜMBÜLLÜ KÖŞK (Record no. 1226111)

MARC details
000 -LEADER
sabit uzunluktaki kontrol alanı 00258nam a2200097Ia 4500
001 - KONTROL NUMARASI
kontrol alanı 1226111
005 - EN SON İŞLEMİN TARİH VE ZAMANI
kontrol alanı 20250827092958.0
008 - SABİT-UZUNLUKTA VERİ ÖĞELERİ--GENEL BİLGİ
sabit uzunluktaki kontrol alanı 250824s9999 xx 000 0 und d
245 #0 - ESER / YAZAR
ESER ADI SÜMBÜLLÜ KÖŞK
Yazar Adı BİLGİN ADALI
260 ## - YAYIN, DAĞITIM, VB.
YAYIN EVİ HEP KİTAP
Holdings
Düşüm durumu Kayıp durumu Hasar Durumu Ödünç verilmez Ana kütüphane Geçerli Kütüphane Edinilen tarih Toplam ödünç verme sayısı Barkod Son görüntüleme tarihi Son ödünç verme tarihi Fiyatın geçerli olmaya başladığı tarih Koha materyal türü
        ŞEHİT TEĞMEN BAYRAM OLGUN İMAM HATİP ORTAOKULU ŞEHİT TEĞMEN BAYRAM OLGUN İMAM HATİP ORTAOKULU 24.08.2025 1 11025709 23.12.2025 22.12.2025 27.08.2025 Books